Statistiques concernant Devine le film - image

Cliquez ici pour prendre le quiz!

Statistiques générales

  • Ce quiz a été pris 92 fois
  • Le résultat moyen est 6 sur 15

Statistiques - réponses

Réponse% Correct
Intouchables
92%
Star Wars
78%
Oppenheimer
71%
Retour vers le Futur
55%
Hunger Games
51%
Seven
45%
Fight Club
44%
Knives Out
38%
American Sniper
32%
Her
30%
Scarface
30%
Halloween
27%
Spiderman: Into the Spider Verse
22%
Nobody
9%
Hustle
6%

Distribution des résultats

Percentile par nombre de réponses

% des personnes avec chaque résultat

Votre développement - résultats

Vous n’avez pas pris ce quiz